000 00988nam a22002897a 4500
003 DO-SdBNP
005 20240312202751.0
007 ta
008 110301s2021 dr co c 000 0 spa d
020 _a9789945892420
040 _aDO-SdBNP
_bspa
_cBNPHU
082 4 _axxxx
_bR788s
100 1 _aRos, Luis
_953018
245 1 0 _aSoul /
_cLuis Ros ; presentación Elizabeth Hazim ; textos Cándido Gerón, Lilian Carrasco ; traducción Paula Cury Melo ; fotografías Mariano Hernández, Freyda Peña
260 _aSanto Domingo :
_bBúho,
_bValdivia editorial
_c2021.
300 _a50 p. :
_bretr., fot.
_c26 cm.
500 _aCatalogo
590 _aInventariado, 2022/ YL
700 1 2 _aHazim, Elizabeth
_epres.
_982845
700 1 2 _aGerón, Cándido
_etex.
_982130
700 1 2 _aCarrasco, Lilian
_etex.
_966743
700 1 2 _aCury Melo, Paula
_etrad.
_982846
700 1 2 _aHernández, Mariano
_efot.
700 1 2 _aPeña, Freyda
_efot.
_982847
910 _aYLockward
942 _2ddc
_cLBS1
999 _c52969
_d52969